Provincias de Argentina por Población - Estadísticas

Estadísticas generales
  • Esta prueba ha sido intentada 152 veces
  • La puntuación promedio es 20 de 23
Estadísticas de respuestas
Población Provincia % Correcto
17,569,053 Buenos Aires
100%
3,978,984 Córdoba
98%
2,014,533 Mendoza
94%
3,556,522 Santa Fe
93%
1,703,186 Tucumán
93%
1,426,426 Entre Ríos
89%
1,440,672 Salta
89%
797,955 Jujuy
88%
1,197,553 Corrientes
87%
1,280,960 Misiones
87%
762,067 Río Negro
87%
818,234 San Juan
87%
190,641 Tierra del Fuego
87%
1,142,963 Chaco
85%
606,041 Formosa
85%
726,590 Neuquén
85%
540,905 San Luis
83%
1,054,028 Santiago del Estero
83%
366,022 La Pampa
82%
384,607 La Rioja
81%
603,120 Chubut
80%
333,473 Santa Cruz
80%
429,556 Catamarca
79%
No se encontraron pruebas coincidentes
Distribución de puntuación
Porcentaje de gente con cada puntuación
Porcentaje por número respondido
Historial de tus puntuaciones
No has intentado esta prueba.